000 00610nam a2200217Ia 4500
003 OSt
005 20220923230718.0
006 a|||||r|||| 00| 0
007 ta
008 Pun
024 _a304,981
037 _cTextual
040 _aARTS
_cARTS
_bPun
041 _2Pun
_aPun
082 _aU8.73.N7, 153M0
100 _aਅਕਾਲੀ, ਲਾਲ ਸਿੰਘ ਕਮਲਾ
_9160210
245 0 _aਮੇਰਾ ਆਖਰੀ ਸਖ਼ਰਨਾਮਾ
260 _c1980
942 _hU8.73.N7, 153M0
_cTEXL
_2CC
999 _c386786
_d386786